000 00604nam a2200181Ia 4500
003 GCL
008 140319s9999 xx 000 0 ara d
040 _aGCL /
_cGCL
082 0 4 _a005.3
_bم ك
100 1 _aميللر، ديبورا
245 1 0 _aكوريل دور 8 /
_cميللر، ديبورا
260 _aالقاهرة :
_bدار الفاروق للنشر والتوزيع ،
_c2001
300 _a1160 ص ؛
_c24 سم
650 0 4 _aالحاسبات الالكترونية
650 0 4 _aالحاسبات الالكترونية - برامج
650 0 4 _aكوريل دور 8
942 _2ddc
_cBK
999 _c2330
_d2330